Sports Quiz

Random Sports or Football Quiz

Clubs of World Cup runners-up : Argentina 1990 Quiz Stats

 Plays Quiz not verified by Sporcle

Challenge
Share
Tweet
Embed
Score 0/180 Timer 10:00
0 Plays Today
Hint Answer % Correct
10. Diego MaradonaBoca Juniors
99.4%
10. Diego MaradonaBoca Juniors
99.4%
16. Julio Jorge OlarticoecheaBoca Juniors
99.4%
19. Oscar RuggeriBoca Juniors
99.4%
3. Abel BalboBoca Juniors
99.4%
4. José BasualdoBoca Juniors
99.4%
4. José BasualdoBoca Juniors
99.4%
8. Claudio CaniggiaBoca Juniors
99.4%
11. Néstor FabbriBoca Juniors
99.4%
13. Néstor LorenzoBoca Juniors
99.4%
20. Juan SimónBoca Juniors
99.4%
2. Sergio BatistaRiver Plate
98.7%
16. Julio Jorge OlarticoecheaRiver Plate
98.7%
1. Nery PumpidoRiver Plate
98.7%
19. Oscar RuggeriRiver Plate
98.7%
1. Ángel ComizzoRiver Plate
98.7%
1. Ángel ComizzoRiver Plate
98.7%
1. Ángel ComizzoRiver Plate
98.7%
3. Abel BalboRiver Plate
98.7%
8. Claudio CaniggiaRiver Plate
98.7%
12. Sergio GoycocheaRiver Plate
98.7%
12. Sergio GoycocheaRiver Plate
98.7%
18. José SerrizuelaRiver Plate
98.7%
21. Pedro TroglioRiver Plate
98.7%
10. Diego MaradonaFC Barcelona
94.2%
10. Diego MaradonaNapoli
94.2%
19. Oscar RuggeriReal Madrid
92.3%
15. Pedro MonzónBarcelona Sporting Club
91.7%
3. Abel BalboAS Roma
90.4%
3. Abel BalboAS Roma
90.4%
8. Claudio CaniggiaAS Roma
90.4%
10. Diego MaradonaSevilla FC
88.5%
7. Jorge BurruchagaIndependiente
84.6%
7. Jorge BurruchagaIndependiente
84.6%
14. Ricardo GiustiIndependiente
84.6%
5. Edgardo BauzaIndependiente
84.6%
6. Gabriel CalderónIndependiente
84.6%
15. Pedro MonzónIndependiente
84.6%
18. José SerrizuelaIndependiente
84.6%
10. Diego MaradonaNewell's Old Boys
84%
14. Ricardo GiustiNewell's Old Boys
84%
3. Abel BalboNewell's Old Boys
84%
9. Gustavo DezottiNewell's Old Boys
84%
12. Sergio GoycocheaNewell's Old Boys
84%
17. Roberto SensiniNewell's Old Boys
84%
20. Juan SimónNewell's Old Boys
84%
22. Fabián CancelarichNewell's Old Boys
84%
9. Gustavo DezottiSS Lazio
83.3%
17. Roberto SensiniSS Lazio
83.3%
21. Pedro TroglioSS Lazio
83.3%
3. Abel BalboFiorentina
80.1%
3. Abel BalboParma
78.8%
17. Roberto SensiniParma
78.8%
17. Roberto SensiniParma
78.8%
7. Jorge BurruchagaNantes
75%
16. Julio Jorge OlarticoecheaNantes
75%
11. Néstor FabbriNantes
75%
8. Claudio CaniggiaRangers
74.4%
11. Néstor FabbriEstudiantes de La Plata
74.4%
16. Julio Jorge OlarticoecheaRacing Club de Avellaneda
72.4%
Hint Answer % Correct
16. Julio Jorge OlarticoecheaRacing Club de Avellaneda
72.4%
19. Oscar RuggeriClub América
72.4%
4. José BasualdoRacing Club de Avellaneda
72.4%
5. Edgardo BauzaRosario Central
72.4%
5. Edgardo BauzaRosario Central
72.4%
6. Gabriel CalderónRacing Club de Avellaneda
72.4%
6. Gabriel CalderónRacing Club de Avellaneda
72.4%
11. Néstor FabbriRacing Club de Avellaneda
72.4%
12. Sergio GoycocheaRacing Club de Avellaneda
72.4%
18. José SerrizuelaRacing Club de Avellaneda
72.4%
18. José SerrizuelaRosario Central
72.4%
1. Ángel ComizzoAmérica de Cali
71.8%
11. Néstor FabbriAmérica de Cali
71.8%
2. Sergio BatistaArgentinos Juniors
71.2%
2. Sergio BatistaArgentinos Juniors
71.2%
10. Diego MaradonaArgentinos Juniors
71.2%
14. Ricardo GiustiArgentinos Juniors
71.2%
16. Julio Jorge OlarticoecheaArgentinos Juniors
71.2%
1. Nery PumpidoVélez Sársfield
71.2%
19. Oscar RuggeriVélez Sársfield
71.2%
4. José BasualdoVélez Sársfield
71.2%
4. José BasualdoVélez Sársfield
71.2%
12. Sergio GoycocheaVélez Sársfield
71.2%
13. Néstor LorenzoArgentinos Juniors
71.2%
19. Oscar RuggeriSan Lorenzo de Almagro
70.5%
13. Néstor LorenzoSan Lorenzo de Almagro
70.5%
6. Gabriel CalderónParis SG
69.9%
3. Abel BalboUdinese
67.3%
17. Roberto SensiniUdinese
67.3%
17. Roberto SensiniUdinese
67.3%
19. Oscar RuggeriLanús
60.9%
6. Gabriel CalderónLanús
60.9%
8. Claudio CaniggiaBenfica
60.9%
11. Néstor FabbriLanús
60.9%
11. Néstor FabbriLanús
60.9%
18. José SerrizuelaLanús
60.9%
1. Nery PumpidoReal Betis
58.3%
6. Gabriel CalderónReal Betis
58.3%
20. Juan SimónAS Monaco
56.4%
1. Ángel ComizzoCA Banfield
55.8%
13. Néstor LorenzoCA Banfield
55.8%
7. Jorge BurruchagaArsenal de Sarandí
53.8%
8. Claudio CaniggiaHellas Verona
53.8%
21. Pedro TroglioHellas Verona
53.8%
15. Pedro MonzónHuracán
51.9%
18. José SerrizuelaHuracán
51.9%
22. Fabián CancelarichHuracán
51.9%
21. Pedro TroglioGimnasia y Esgrima (LP)
50.6%
8. Claudio CaniggiaAtalanta
49.4%
8. Claudio CaniggiaAtalanta
49.4%
13. Néstor LorenzoBari
47.4%
8. Claudio CaniggiaDundee FC
46.2%
1. Ángel ComizzoTigres UANL
42.9%
14. Ricardo GiustiUnión de Santa Fe
42.3%
1. Nery PumpidoUnión de Santa Fe
42.3%
1. Nery PumpidoUnión de Santa Fe
42.3%
15. Pedro MonzónUnión de Santa Fe
42.3%
12. Sergio GoycocheaMillonarios
41%
22. Fabián CancelarichMillonarios
41%
9. Gustavo DezottiAtlas
40.4%
Hint Answer % Correct
1. Ángel ComizzoTalleres de Córdoba
39.1%
13. Néstor LorenzoFerro Carril Oeste
39.1%
18. José SerrizuelaTalleres de Córdoba
39.1%
22. Fabián CancelarichFerro Carril Oeste
39.1%
22. Fabián CancelarichFerro Carril Oeste
39.1%
18. José SerrizuelaCruz Azul
38.5%
15. Pedro MonzónQuilmes
36.5%
22. Fabián CancelarichBelgrano
35.9%
22. Fabián CancelarichBelgrano
35.9%
12. Sergio GoycocheaOlimpia
35.3%
12. Sergio GoycocheaInternacional
32.7%
12. Sergio GoycocheaCerro Porteño
32.7%
22. Fabián CancelarichPlatense
32.7%
15. Pedro MonzónAlianza Lima
32.1%
4. José BasualdoVfB Stuttgart
31.4%
16. Julio Jorge OlarticoecheaDeportivo Mandiyú
30.8%
4. José BasualdoDeportivo Mandiyú
30.8%
12. Sergio GoycocheaDeportivo Mandiyú
30.8%
19. Oscar RuggeriAncona
30.1%
2. Sergio BatistaAll Boys
28.2%
11. Néstor FabbriAll Boys
28.2%
11. Néstor FabbriAll Boys
28.2%
5. Edgardo BauzaAtlético Junior
27.6%
7. Jorge BurruchagaValenciennes
26.9%
20. Juan SimónStrasbourg
25.6%
9. Gustavo DezottiCremonese
25%
4. José BasualdoVilla Dálmine
24.4%
4. José BasualdoVilla Dálmine
24.4%
12. Sergio GoycocheaBrest
24.4%
21. Pedro TroglioVilla Dálmine
24.4%
1. Ángel ComizzoLeón
23.7%
9. Gustavo DezottiLeón
23.7%
19. Oscar RuggeriLogroñés
23.1%
6. Gabriel CalderónSion
23.1%
2. Sergio BatistaNueva Chicago
21.8%
9. Gustavo DezottiDefensor Sporting
21.8%
21. Pedro TroglioAscoli
21.8%
4. José BasualdoDeportivo Español
21.2%
1. Ángel ComizzoMonarcas Morelia
19.9%
15. Pedro MonzónAtlético Tucumán
19.9%
6. Gabriel CalderónCaen
18.6%
4. José BasualdoExtremadura
17.9%
4. José BasualdoExtremadura
17.9%
18. José SerrizuelaLos Andes
17.9%
18. José SerrizuelaLos Andes
17.9%
1. Ángel ComizzoAtlético de Rafaela
16.7%
6. Gabriel CalderónLausanne Sports
16.7%
5. Edgardo BauzaTiburones Rojos de Veracruz
15.4%
8. Claudio CaniggiaQatar SC
15.4%
11. Néstor FabbriGuingamp
15.4%
18. José SerrizuelaTiburones Rojos de Veracruz
15.4%
18. José SerrizuelaRacing de Córdoba
14.1%
2. Sergio BatistaTosu Futures
11.5%
15. Pedro MonzónSantiago Wanderers
11.5%
12. Sergio GoycocheaDefensores Unidos
10.3%
13. Néstor LorenzoSwindon Town
10.3%
21. Pedro TroglioAvispa Fukuoka
10.3%
22. Fabián CancelarichCentral Córdoba
10.3%
4. José BasualdoReal Jaén
9%
6. Gabriel CalderónEl Porvenir
9%

You're not logged in!

Compare scores with friends on all Sporcle quizzes.
OR
Log In

You Might Also Like...

Show Comments

Extras

Top Quizzes Today


Score Distribution

Your Account Isn't Verified!

In order to create a playlist on Sporcle, you need to verify the email address you used during registration. Go to your Sporcle Settings to finish the process.

Report this User

Report this user for behavior that violates our Community Guidelines.

Details: